The Poetry and Prose of Wang Wei : Volume II (Record no. 90943)

MARC details
000 -LEADER
fixed length control field 01292nam a2200253Ia 4500
000 - LEADER
fixed length control field 01816naaa 00361uu
001 - CONTROL NUMBER
control field https://directory.doabooks.org/handle/20.500.12854/63691
005 - DATE AND TIME OF LATEST TRANSACTION
control field 20260218110038.0
008 - FIXED-LENGTH DATA ELEMENTS--GENERAL INFORMATION
fixed length control field 211013s9999 xx 000 0 und d
024 ## - OTHER STANDARD IDENTIFIER
Standard number or code 10.1515/9781501512971
042 ## - AUTHENTICATION CODE
Authentication code dc
245 #4 - TITLE STATEMENT
Title The Poetry and Prose of Wang Wei : Volume II
260 ## - PUBLICATION, DISTRIBUTION, ETC.
Place of publication, distribution, etc. Berlin/Boston
Name of publisher, distributor, etc. De Gruyter
Date of publication, distribution, etc. 2020
300 ## - PHYSICAL DESCRIPTION
Extent 1 electronic resource (350 p.)
520 ## - SUMMARY, ETC.
Summary, etc. Wang Wei has traditionally been considered one of the greatest of Tang dynasty poets, together with Li Bo and Du Fu. This is the first complete translation into English of all of his poems, and also the first substantial translation of a selection of his prose writings. For the first time, readers encountering his work in English translation will get a comprehensive understanding of Wang Wei's range as a poet and prose writer.
540 ## - TERMS GOVERNING USE AND REPRODUCTION NOTE
Terms governing use and reproduction Creative Commons
653 ## - INDEX TERM--UNCONTROLLED
Uncontrolled term Chinese?Poetry
700 1# - ADDED ENTRY--PERSONAL NAME
Personal name Nugent, Christopher
700 1# - ADDED ENTRY--PERSONAL NAME
Personal name Nugent, Christopher
700 1# - ADDED ENTRY--PERSONAL NAME
Personal name Rouzer, Paul
856 ## - ELECTRONIC LOCATION AND ACCESS
Uniform Resource Identifier <a href="https://docs.google.com/spreadsheets/d/1yKIrdCPDAG_9c22mwoOIO2DOhtj65Wqa/edit?usp=sharing&ouid=106555315294820607512&rtpof=true&sd=true ">https://docs.google.com/spreadsheets/d/1yKIrdCPDAG_9c22mwoOIO2DOhtj65Wqa/edit?usp=sharing&ouid=106555315294820607512&rtpof=true&sd=true </a>
Link text List of Curated E-Books
942 ## - ADDED ENTRY ELEMENTS (KOHA)
Koha item type E-Book

No items available.

University of Rizal System
Email us at univlibservices@urs.edu.ph

Visit our Website www.urs.edu.ph/library